LEADER 04831nam 22007455 450 001 9911039318303321 005 20251103120443.0 010 $a9783031879715$b(electronic bk.) 010 $z9783031860317 024 7 $a10.1007/978-3-031-87971-5 035 $a(MiAaPQ)EBC32388990 035 $a(Au-PeEL)EBL32388990 035 $a(CKB)42018241400041 035 $a(DE-He213)978-3-031-87971-5 035 $a(OCoLC)1549522784 035 $a(EXLCZ)9942018241400041 100 $a20251103d2025 u| 0 101 0 $aeng 135 $aurcnu|||||||| 181 $ctxt$2rdacontent 182 $cc$2rdamedia 183 $acr$2rdacarrier 200 10$aGovernance & Climate Justice $eWealth of Nature /$fby Julia Puaschunder 205 $a2nd ed. 2025. 210 1$aCham :$cSpringer Nature Switzerland :$cImprint: Palgrave Macmillan,$d2025. 215 $a1 online resource (445 pages) 225 1 $aPolitical Science and International Studies 311 08$aPrint version: Puaschunder, Julia Governance and Climate Justice Cham : Palgrave Macmillan,c2025 9783031860317 327 $a1. Introduction -- 2. Intergenerational Equity -- 3. Global Responsible Intergenerational Leadership -- 4. Mapping Climate Justice -- 5. Global Climate Justice -- 6. Climate in the 21st Century -- 7. Global Climate Change-Induced Migration and Financial Flows -- 8. Looking Forward to World Peak: Climate Change-Induced Market Prospects -- 9. An Inquiry into the Nature and Causes of Climate Wealth of Nations: What Temperature Finance Gravitates Towards? Sketching a Climate-Finance Nexus and Outlook on Climate Change-Induced Finance Prospects -- 10. Future Climate Wealth of Nations' Winners and Losers. 330 $aThis book builds upon a successful first edition to provide a renewed account of climate justice and governance. This second edition book examines international climate change mitigation and adaptation regimes with the aim of proposing fair climate stability implementation strategies. Based on the current endeavors to finance climate justice around the world, the author sophisticates a three-dimensional macroeconomic model to share the expected economic benefits and burdens of climate change equitably within society, across the globe and over time. This new edition substantiates discussions of the theoretical foundations of climate justice. The innovatively adopted ?Climate Wealth of Nature? angle introduces new chapters on green finance and how to measure the economic wealth in nature as well as highlights the environmental impacts of financial crises and political frictions. Revised and extended data presents new indices for climate wealth redistribution strategies in order to derive recommendations for scientists, global governance practitioners and stakeholders. Julia Puaschunder conducts research at Columbia University and is a faculty member at the International University of Monaco. The second edition benefits from her recent training in Law & Economics and research funded by the OMNES Education Group. Previously, Julia Puaschunder was a Faculty Associate at Harvard University and an affiliate of Princeton University. In the last decade, Julia Puaschunder has also supported environmental initiatives at Yale University and The New School. Julia Puaschunder?s macroeconomic model to enact climate justice has been conducted under the auspices of the US National Academy of Sciences and recognized by a Nobel Peace Prize nomination. 410 0$aPolitical Science and International Studies 606 $aInternational economic relations 606 $aClimatology 606 $aEnvironmental law 606 $aEnvironmental economics 606 $aEnvironmental law, International 606 $aCogeneration of electric power and heat 606 $aFossil fuels 606 $aInternational Political Economy? 606 $aClimate Sciences 606 $aEnvironmental Law 606 $aEnvironmental Economics 606 $aInternational Environmental Law 606 $aFossil Fuel 615 0$aInternational economic relations. 615 0$aClimatology. 615 0$aEnvironmental law. 615 0$aEnvironmental economics. 615 0$aEnvironmental law, International. 615 0$aCogeneration of electric power and heat. 615 0$aFossil fuels. 615 14$aInternational Political Economy?. 615 24$aClimate Sciences. 615 24$aEnvironmental Law. 615 24$aEnvironmental Economics. 615 24$aInternational Environmental Law. 615 24$aFossil Fuel. 676 $a363.738747 700 $aPuaschunder$b Julia$0990573 801 0$bMiAaPQ 801 1$bMiAaPQ 801 2$bMiAaPQ 912 $a9911039318303321 996 $aGovernance & Climate Justice$92266195 997 $aUNINA